=LDR 00000nam 2200000 4500 =001 INLIS000000000008705 =005 20130612100536 =008 ***********************************Ind** =035 ##$$0010-061300000008705 =041 ##$$a Ind =082 ##$$a 372.8 =090 ##$$a 372.8, Ilmu i =245 ##$$a Ilmu Pengatahuan Sosial (IPS) Kls VI =260 ##$$a 2000 $b Semarang =300 ##$$a viii, 88 hlm, ilus, 30 cm =650 ##$$a IPS-studi dan Pengajaran =850 ##$$a NBPNMAT